Slovakia Social Briefing: Two Days Determining the Following Months

Slovensko a významné dni počas septembra 2020 ovplyvňujúce náladu spoločnosti. Návrat detí do škôl. Verdikt ku kauze vraždy investigatívneho novinára.

Salvato in:
Dettagli Bibliografici
Autore principale: Baculáková, Kristína, 1988-
Natura: Capitolo di libro
Lingua:inglese
Soggetti:
Tags: Aggiungi Tag
Nessun Tag, puoi essere il primo ad aggiungerne!!

MARC

LEADER 00000naa a2200000 4500
001 0276610
005 20240502083839.1
041 0 |a eng 
044 |a HU 
245 1 0 |a Slovakia Social Briefing: Two Days Determining the Following Months  |c Kristína Baculáková 
520 |a Slovensko a významné dni počas septembra 2020 ovplyvňujúce náladu spoločnosti. Návrat detí do škôl. Verdikt ku kauze vraždy investigatívneho novinára. 
610 2 0 |a spoločnosť 
610 2 0 |a vláda 
610 2 0 |a koronavírus 
610 2 0 |a Slovensko 
100 1 |a Baculáková, Kristína, 1988-